| 000 | 01110nam a22002537a 4500 | ||
|---|---|---|---|
| 003 | BPGM | ||
| 005 | 20260618194923.0 | ||
| 008 | 260618b2020 mx ||||| |||| 001 0 spa d | ||
| 020 | _a978-607-7619-94-9 | ||
| 040 | _bspa | ||
| 041 |
_aspa _hspa |
||
| 082 | 0 | 4 |
_22020 _aCQ 808.81 / _bA48 |
| 100 | _aAGUIRRE, LUIS ENRIQUE | ||
| 245 | _aTÁNATOS ENMASCARADO | ||
| 260 |
_aQUERETARO _bFONDO EDITORIAL QUERETARO _c2020 |
||
| 300 |
_a 81 páginas _c21.3 cm x 13.9 cm |
||
| 336 |
_2rdacontent _atexto _btxt |
||
| 337 |
_2rdamedia _asin mediación _bn |
||
| 338 |
_2rdacarrier _avolumen _bnc |
||
| 505 | _aTÁNATOS ENMASCARADO DE LUIS ENRIQUE AGUIRRE ES UNA HISTORIA DE SUSPENSO Y TERROR PSICOLÓGICO QUE GIRA EN TORNO A UN CRIMEN SEGUIDO DE UNA COMPLEJA INVESTIGACIÓN POLICIAL. EL ARGUMENTO COMIENZA CON EL ASESINATO DE UN RECONOCIDO PSIQUIATRA. LA PARTICULARIDAD DEL CRIMEN ES QUE EL CUERPO ES ENCONTRADO CON UNA MÁSCARA, LO QUE SE CONVIERTE EN LA FIRMA DEL ASESINO Y EN LA PRIMERA PISTA DEL CASO. | ||
| 650 | _aLITERATURA RETORICA | ||
| 650 | _aRETORICA Y COLECCIONES DE LITERATURA | ||
| 942 |
_2ddc _cCOLQ |
||
| 999 |
_c68636 _d68636 |
||